Социология и политология: учебное пособие

Bibliographische Detailangaben
1. Verfasser: Кравченко А. И. Альберт Иванович
Zusammenfassung:Исключено из фонда НТБ ТПУ
Sprache:Russisch
Veröffentlicht: Москва, Академия, 2000
Schriftenreihe:Среднее профессиональное образование
Format: Buch
KOHA link:https://koha.lib.tpu.ru/cgi-bin/koha/opac-detail.pl?biblionumber=27218

MARC

LEADER 00000nam0a2200000 4500
001 27218
005 20231030202047.0
010 |a 5769505974 
010 |a 5-294-00003-2 
035 |a (RuTPU)RU\TPU\book\27467 
035 |a BOOK00000014 
090 |a 27218 
100 |a 20011209d2000 m y0rusy50 ca 
101 0 |a rus 
102 |a RU 
105 |a a j 000zy 
200 1 |a Социология и политология  |e учебное пособие  |f А. И. Кравченко 
210 |a Москва  |c Академия  |d 2000 
210 |c Мастерство 
215 |a 312 с. 
225 1 |a Среднее профессиональное образование 
320 |a Библиогр.: с. 306-307. 
333 |a Исключено из фонда НТБ ТПУ 
686 |a С5я73  |v LBC/SL-A  |2 rubbk 
686 |a Ф011.6я73  |v LBC/SL-A  |2 rubbk 
700 1 |a Кравченко  |b А. И.  |g Альберт Иванович 
801 0 |a RU  |b 63413507  |c 20011209  |g PSBO 
801 2 |a RU  |b 63413507  |c 20210617  |g PSBO 
942 |c BK